01573agaaa2200313 45000010005000000030009000050050017000140070009000310080040000400400023000800410012001031000059001151300039001742450132002132500022003452600097003673000028004645080035004925110012005275200209005395380016007485460012007646500075007767000070008517000068009219420012009899990019010019520239010203486IT-RoPAU20220918181238.0d cvaizq50131s9999||||xx ||| | || ||und|| aIT-RoPAUcIT-RoPAU aINGLESE aMadonna (Ciccone) gCodice regista SPICS: 13281944033 aIMMACULATE COLLECTION (THE)944034 aIMMACULATE COLLECTION (THE)cDiretto da: Madonna (Ciccone) pIMMACULATE COLLECTION (THE) (Rif. Codice opera principale : A3486) aEdizione Standard aNEW YORK (STATI UNITI)bSIRE RECORS INC. / g"1990 (1° ed.: 1990 ; Ed. Lingua Orig.: 1990)" aVIDEODISCbsonoro, col. a"Musica: Madonna (Ciccone) ; " aMadonna a* LUCKY STAR* BORDERLINE* LIKE A VIRGIN* MATERIAL GIRL* PAPA DON'T PREACH* OPEN YOUR HEART* LA ISLA BONITA* LIKE A PRAYER* EXPRESS YOURSELF* CHERISHTHE FIRST-EVER COMPILATION OF MADONNA'S GREATEST VIDEOS. aPAL, STEREO aINGLESE aVIDEOCLIPeVIDEODISCHI [VIDEO DISC]xCodice MATERIA SPICS: 9954944035 aMadonna (Ciccone) e(regista)gCodice regista SPICS: 13281944033 aMadonna (Ciccone) e(musica)gCodice Musica SPICS: 13281944036 cVD2ddc c105908d105908 0010406A_3486_00000000000000071aSPICSbSPICSd2015-01-31l0oA3486r2015-01-31 00:00:00w2015-01-31yVDzProgr. Ins.: 36 / N.Vol.:1 / Copie: 1 / Pag.:0 / Copia rara: n.d. / date import: 1.2.2015 / By Epidotti, Trombetti, Vaglietti